| 000 | 00480nam a2200205Ia 4500 | ||
|---|---|---|---|
| 008 | 210210b1910 xxu||||| |||| 00| 0 eng d | ||
| 041 | _aeng | ||
| 082 | _a544/49 | ||
| 100 | _aFINDLAY (Alex) | ||
| 245 | _aPractical physical chemistry Ed 2 | ||
| 260 |
_aLondon _bLongman Green & Co Ltd., _c1910 |
||
| 300 | _a188 | ||
| 650 | _aPractical | ||
| 650 | _aphysical | ||
| 650 | _aEd | ||
| 650 | _achemistry | ||
| 650 | _a2 | ||
| 690 | _aPhysical Chemistry | ||
| 906 | _a009707 | ||
| 999 |
_c127023 _d127023 |
||